000 00958nam a2200277 c 4500
999 _c344351
_d344351
003 BLK
005 20190930140351.0
008 180911b bul|||||r ||||||| ||bul||
010 _a004016
040 _aBLK
041 _aSER
_cBUL
080 _z886.1-1
100 1 _aСТОJКОВИЧ, Сретен
_eпърви автор
_9397240
245 0 0 _aЛазарица или Бой на Косову
246 _aНародна епопеjа у 20 песама
_pлирика-поеми
260 _aБеоград
_bШтамп. Д. Димитриjевича
_c1903
300 _a256 с
_c23 см
380 _a82
490 _aЧастна колекция - Академик Михаил Арнаудов
_gДарение - Основен фонд
653 _aлирика
653 _aпоеми
655 _aсръбска литература
_9397241
700 1 _aСост. Ср. Й. Стоjкович
_9397242
852 _aМА 633
_bМА
942 _cKNG
_n0
_s1
944 _aCR
_c1995
_kValK
999 _d344351